Manual de astronomía popular / (Record no. 35541)
[ view plain ]
| 000 -LEADER | |
|---|---|
| campo de control de longitud fija | 01492nam a2200277 4500 |
| 001 - NÚMERO DE CONTROL | |
| campo de control | 35541 |
| 003 - IDENTIFICADOR DE NÚMERO DE CONTROL | |
| campo de control | ES-MaACL |
| 005 - FECHA Y HORA DE LA ÚLTIMA TRANSACCIÓN | |
| campo de control | 20250721145129.0 |
| 007 - CAMPO FIJO DE DESCRIPCIÓN FÍSICA--INFORMACIÓN GENERAL | |
| campo de control de longitud fija | t| |
| 008 - DATOS DE LONGITUD FIJA--INFORMACIÓN GENERAL | |
| campo de control de longitud fija | 030213s1879 sp f |||| | spa d |
| 100 1# - ENTRADA PRINCIPAL--NOMBRE DE PERSONA | |
| Nombre de persona | Bosch, Alberto, |
| Fechas asociadas al nombre | 1848-1900 |
| 9 (RLIN) | 126090 |
| 245 10 - MENCIÓN DEL TÍTULO | |
| Título | Manual de astronomía popular / |
| Mención de responsabilidad, etc. | por D. Alberto Bosch y Fustegueras. |
| 260 ## - PUBLICACIÓN, DISTRIBUCIÓN, ETC. | |
| Lugar de publicación, distribución, etc. | Madrid : |
| Nombre del editor, distribuidor, etc. | [s.n.], |
| Fecha de publicación, distribución, etc. | 1879 ( |
| Fabricante | Tip. de G. Estrada) |
| 300 ## - DESCRIPCIÓN FÍSICA | |
| Extensión | 224 p., [1] h. pleg. de lám. ; |
| Dimensiones | 17 cm. |
| 490 1# - MENCIÓN DE SERIE | |
| Mención de serie | Biblioteca enciclopédica popular ilustrada. |
| -- | Sección 3ª. Conocimientos útiles |
| 505 8# - NOTA DE CONTENIDO CON FORMATO | |
| Nota de contenido con formato | Contiene: Parte I: Exposición histórica del sistema del mundo . Parte II: Astronomía práctica . Parte III: Sistema solar . Parte IV: Universo estelar . Apéndice: La astronomía en sus relaciones con la meteorología ; La astrología o astronomía judiciaria ; La astronomía racional o matemática ; Renacimiento de la meteorología ; Previsión de los fenómenos meteorológicos |
| 530 ## - NOTA DISPONIBLE DE FORMULARIO FÍSICO ADICIONAL | |
| Nota de formato físico adicional disponible | Disponible en formato digital. |
| 597 ## - NOTA DE DESCRIPCIÓN FÍSICA | |
| NOTA DE DESCRIPCIÓN FÍSICA | Marca tipográfica en port. |
| 650 ## - PUNTO DE ACCESO ADICIONAL DE MATERIA--TÉRMINO DE MATERIA | |
| Término de materia o nombre geográfico como elemento de entrada | Astronomía- |
| Subdivisión de forma | Obras de divulgación. |
| 9 (RLIN) | 10390 |
| 650 #7 - PUNTO DE ACCESO ADICIONAL DE MATERIA--TÉRMINO DE MATERIA | |
| Término de materia o nombre geográfico como elemento de entrada | Meteorología |
| Fuente del encabezamiento o término | embne |
| 9 (RLIN) | 15017 |
| 700 1# - ENTRADA AGREGADA--NOMBRE PERSONAL | |
| Nombre de persona | Estrada, Gregorio. |
| 9 (RLIN) | 126979 |
| 830 1# - PUNTO DE ACCESO ADICIONAL DE SERIE-TÍTULO UNIFORME | |
| Título uniforme | Biblioteca enciclopédica popular ilustrada. |
| -- | Sección 3ª. Conocimientos útiles |
| 9 (RLIN) | 180990 |
| 852 ## - LOCALIZACIÓN | |
| Ubicación | ES-MaACL |
| Número de control de estantería | F-13602 |
| Nota libre | . - Enc. hol. |
| 856 ## - LOCALIZACIÓN Y ACCESO ELECTRÓNICOS | |
| Identificador Uniforme de Recursos | <a href="http://bdh-rd.bne.es/viewer.vm?id=0000125631&page=1 ">http://bdh-rd.bne.es/viewer.vm?id=0000125631&page=1 </a> |
| Nota pública | Biblioteca Digital Hispánica |
| Estatus retirado | Estado de pérdida | Estado de daño | No para préstamo | Colección | Biblioteca de origen | Biblioteca actual | Ubicación en estantería | Fecha de adquisición | Fuente de adquisición | Total de préstamos | Signatura topográfica completa | Código de barras | Visto por última vez | Precio de reemplazo | Tipo de ítem Koha |
|---|---|---|---|---|---|---|---|---|---|---|---|---|---|---|---|
| Colección digital | Biblioteca del Ateneo de Madrid | Biblioteca del Ateneo de Madrid | Sala Pecera Planta 2 | 17/01/2008 | F-13602 | 1037205 | 23/02/2023 | 23/02/2023 | Libro impreso antiguo |
